Acordes para un soneto disonante / (Record no. 42800)

MARC details
000 -LEADER
campo de control de longitud fija 00537nam a2200181 i 4500
001 - NÚMERO DE CONTROL
campo de control 42800
003 - IDENTIFICADOR DE NÚMERO DE CONTROL
campo de control ES-MaACL
007 - CAMPO FIJO DE DESCRIPCIÓN FÍSICA--INFORMACIÓN GENERAL
campo de control de longitud fija t|
008 - DATOS DE LONGITUD FIJA--INFORMACIÓN GENERAL
campo de control de longitud fija 030314s1983 sp ||||1| spa d
100 1# - ENTRADA PRINCIPAL--NOMBRE DE PERSONA
Nombre de persona Cerezuela, Leopoldo.
9 (RLIN) 37515
245 10 - MENCIÓN DEL TÍTULO
Título Acordes para un soneto disonante /
Mención de responsabilidad, etc. Leopoldo Cerezuela.
260 ## - PUBLICACIÓN, DISTRIBUCIÓN, ETC.
Lugar de publicación, distribución, etc. Carboneras de Guadazaón (Cuenca) :
Nombre del editor, distribuidor, etc. El Toro de Barro,
Fecha de publicación, distribución, etc. 1983.
300 ## - DESCRIPCIÓN FÍSICA
Extensión 61 p. ;
Dimensiones 20 cm.
490 1# - MENCIÓN DE SERIE
Mención de serie Gárgola ;
Designación de volumen o secuencia 8
830 0# - PUNTO DE ACCESO ADICIONAL DE SERIE-TÍTULO UNIFORME
Título uniforme Gárgola ;
Designación de volumen o secuencia 8
9 (RLIN) 181957
852 ## - LOCALIZACIÓN
Ubicación ES-MaACL
Número de control de estantería L-5636
Sublocalización o colección R.106177
Holdings
Estatus retirado Estado de pérdida Estado de daño No para préstamo Biblioteca de origen Biblioteca actual Ubicación en estantería Fecha de adquisición Fuente de adquisición Total de préstamos Signatura topográfica completa Código de barras Visto por última vez Precio de reemplazo Tipo de ítem Koha
        Biblioteca del Ateneo de Madrid Biblioteca del Ateneo de Madrid Depósito 2 17/01/2008     L-5636 1045053 23/02/2023 23/02/2023 Libro impreso